000 01190cam a2200361 i 4500
999 _c200443292
_d61504
001 200443292
003 TR-AnTOB
005 20230616130849.0
007 ta
008 900421s1972 tu b f000 0 tur
010 _a 85968014
035 _a(TR-AnTOB)200443292
040 _aDLC
_beng
_erda
_cDLC
_dDLC
_dTR-AnTOB
041 0 _atur
_beng
043 _aa-tu---
050 0 0 _aJQ1806.Z1
_bT888 1972
090 _aJQ1806.Z1
_bT888 1972
100 1 _aTutum, Cahit
_eauthor
_9132379
245 1 0 _aTürkiyede memur güvenliği /
_cCahit Tutum.
264 1 _a[Ankara] :
_bTürkiye ve Orta Doğu Amme İdaresi Enstitüsü,
_c[1972]
300 _axi, 148 pages ;
_c24 cm
336 _atext
_btxt
_2rdacontent
337 _aunmediated
_bn
_2rdamedia
338 _avolume
_bnc
_2rdacarrier
490 0 _aTürkiye ve Orta Doğu Amme İdaresi Enstitüsü yayınları ;
_vno. 132.
500 _aSummary in English.
650 0 _aİş güvenliği
_zTürkiye
_9103955
651 7 _aTürkiye
_xMemurlar ve çalışanlar
_2etuturkob
_98400
710 2 _aTürkiye ve Orta Doğu Amme İdaresi Enstitüsü
_9131117
942 _2lcc
_cBK